| 000 | 00879nam a2200253Ia 4500 | ||
|---|---|---|---|
| 003 | OSt | ||
| 005 | 20221005112632.0 | ||
| 006 | a|||||r|||| 00| 0 | ||
| 007 | ta | ||
| 008 | 221004b |||||||| |||| 00| 0 pan d | ||
| 020 | _a9789380427340 (hbk) | ||
| 024 | _a18016 | ||
| 037 |
_bGift, 27/05/2015, _cTextual |
||
| 040 |
_aCRL _cCRL _bpan |
||
| 041 |
_2pan _apan |
||
| 082 | _aO153,1N25:g, Q2 | ||
| 100 | _aਸੂਰਤੀ, ਰਾਮ | ||
| 245 | 0 |
_aਡਾ. ਜਸਵੰਤ ਸਿੰਘ ਨੇਕੀ ਕਾਵਿ _b ਵਿਚਾਰਧਾਰਕ ਅਧਿਐਨ |
|
| 260 |
_aਜਲੰਧਰ _bਸੁੰਦਰ ਬੁੱਕ ਡਿਪੋ ਭਾਰਤ _c2012 |
||
| 300 |
_a132ਪੰ _ccm. |
||
| 650 | _aਪੰਜਾਬੀ ਸਾਹਿਤ | ||
| 942 |
_hO153,1N25:g, Q2 _cTEXL _2cc |
||
| 999 |
_c1025471 _d1025471 |
||